What is Jerry Short For? - Statistics

General Stats
  • This quiz has been taken 87 times
  • The average score is 3 of 6
Answer Stats
name % Correct
Gerald
75%
Jeremy
70%
Jeremiah
54%
Jerome
38%
Gerard
23%
Geraldine
20%
No matching quizzes found
Score Distribution
Percent of People with Each Score
Percentile by Number Answered
Your Score History
You have not taken this quiz